=LDR 00000nam 2200000 4500 =001 INLIS000000000809844 =008 ###################################ind## =035 ##$$a 0010-0825000337 =245 ##$$a Konservasi Alam / $c Winarti =260 ##$$b Cempaka Putih =020 ##$$a 9796623570 =084 ##$$a 333.7 TRI k =520 ##$$a Sumber alam dan energi =082 ##$$a 333.7